• 首页
  • 本馆介绍
  • 公告通知
  • 最新文献
  • 馆藏检索
  • 电子资源
  • 读者导购
  • 参考咨询
  • 我的图书馆
  • 登录
  • 详细信息显示
  • 放入我的书架
  • 预约/预借图书
  • 作者相关作品
  • 分类相关作品
  • 丛书相关作品
  • 出版社相关作品

书目信息

  • 表格格式
  • 工作单格式
  • 卡片格式
题名:
中国古籍装订修补技术
    
 
作者: 肖振棠 , 丁瑜 编著
分册:  
出版信息: 北京   书目文献出版社  1980
页数: 100页
开本: 19cm
丛书名:
单 册:
中图分类: G253.6
科图分类:
主题词: 古籍整理-图书装修--技术 , 图书装修-古籍整理--技术 , 图书馆学 , 图书馆事业
电子资源:
ISBN:
000 00815nam0 2200289 45
001 0180002384
005 20040425150421.9
010    @dCNY0.87
091    @a7201.3
100    @a19950613d1980 emky0chiy0121 ea
101 0  @achi
102    @aCN@b110000
105    @ac z 000yy
106    @ar
200 10 @a中国古籍装订修补技术@Azhong guo gu ji zhuang ding xiu bu ji shu@f肖振棠, 丁瑜编著
210    @a北京@c书目文献出版社@d1980
215    @a100页@c照片@d19cm
606    @a古籍整理-图书装修@x技术
606    @a图书装修-古籍整理@x技术
606 0  @a图书馆学
606 0  @a图书馆事业
690    @aG253.6
701  0 @a肖振棠@Axiao zhen tang@4编著
701  0 @a丁瑜@Ading yu@4编著
801  0 @aCN@b上海图书馆@c20040425
801  2 @aCN@bNLC@c20040425
905    @f2@b215621-622@dG253.6@e13@b92434-435@f2
    
    中国古籍装订修补技术/肖振棠, 丁瑜编著.-北京:书目文献出版社,1980
    100页:照片;19cm
    
    
    ISBN :CNY0.87
    
●
相关链接 在E读中查询图书 在五车中查询图书 在当当中查询图书 在豆瓣中查询图书


正题名:中国古籍装订修补技术     索取号:G253.6/13         预约/预借

序号 登录号 条形码 馆藏地/架位号 状态 备注
1 0092434   000502502   密集书库/ [索取号:G253.6/13] 在馆    
2 0092435   000502520   密集书库/ [索取号:G253.6/13] 在馆    
3 0092436   000502548   第一样本阅览室/ [索取号:G253.6/13] 在馆    
4 0215621   000502511   密集书库/ [索取号:G253.6/13] 在馆    
5 0215622   000502539   密集书库/ [索取号:G253.6/13] 在馆    
唐山师范学院图书馆 欢迎您!
大连网信软件有限公司© 版权所有